000 00479nam a22001577a 4500
003 OSt
005 20250204122636.0
008 250204b |||||||| |||| 00| 0 eng d
040 _cParliament Library
082 _a370.114
_bKE
245 _aThe Citizen Handbook;
_bEmpowering Citizens Through Civic Education
_cUraia Trust
260 _aNairobi
_bInternational Republican Institute
_c2012
300 _a181p.
500 _aIncludes glossary of terms and an index.
942 _2ddc
_cBK
999 _c4089
_d4089